Top 30 : Kanye West - Statistiques

Statistiques générales
  • Ce quiz a été pris 245 fois
  • Le résultat moyen est 16 sur 30
Statistiques - réponses
Top Titres Featuring % Correct
10 Runaway Pusha T
91%
2 Ni**as In Paris JAY-Z
86%
4 Flashing Lights Dwele
82%
12 American Boy Estelle
73%
14 Homecoming Chris Martin
72%
18 CARNIVAL ¥$, Ty Dolla $ign
70%
25 Devil In A New Dress Rick Ross
70%
3 Stronger
70%
5 Gold Digger Jamie Foxx
69%
1 Heartless
67%
21 Ghost Town PARTYNEXTDOOR
61%
13 All Falls Down Syleena Johnson
60%
8 Bound 2
60%
11 I Wonder
59%
15 All Of The Lights
57%
9 POWER
55%
7 FourFiveSeconds Rihanna, Paul McCartney
48%
27 Good Life T-Pain
48%
29 No Church In The Wild Jay-Z, Frank Ocean, The-Dream
47%
20 Forever Drake, Lil Wayne, Eminem
43%
19 I Love It Lil Pump
43%
16 Violent Crimes
43%
6 Father Stretch My Hands Pt. 1
41%
17 Can't Tell Me Nothing
38%
24 Famous
28%
22 Run This Town JAY-Z, Rihanna
24%
23 Black Skinhead
20%
28 Praise God
19%
30 Waves
16%
26 All Mine
8%
Aucun quiz correspondant
Distribution des résultats
% des personnes avec chaque résultat
Percentile par nombre de réponses
Votre historique - résultats
Vous n’avez pas pris ce quiz